000
00318 a2200157 4500
001
161455
020
_a
040
_c
Magnum
100
_a
Aguiar, Luiz Antonio
240
1
0
_a
Vivo ou morto
_l
por
245
1
0
_a
Vivo ou morto
362
0
_a
1899
440
1
_a
FTD
697
_a
J/SOCIEDADE, COTIDIANO
942
_c
BK
999
_c
161455
_d
161455